Statistics for 2022 EFL Cup/ Carabao Cup Starting XI

Click here to take the quiz!

General Stats

  • This quiz has been taken 113 times
  • The average score is 17 of 22

Answer Stats

HintAnswer% Correct
RWMohamed Salah
98%
GKEdouard Mendy
94%
STSadio Mane
94%
CBVirgil Van Dijk
94%
LBTrent Alexander-Arnold
92%
RBAndrew Robertson
91%
CMJordan Henderson
90%
CBJoel Matip
86%
STKai Havertz
86%
CAMMason Mount
84%
CMN'Golo Kante
81%
GKCaoimhin Kelleher
80%
CBThiago Silva
80%
RWBCesar Azpilicueta
77%
LWLuis Diaz
77%
CBAntonio Rudiger
73%
CMFabinho
73%
CMMateo Kovacic
69%
LWBMarcos Alonso
65%
CMNaby Keita
65%
CAMChristian Pulisic
57%
CBTrevoh Chalobah
42%

Score Distribution

Percentile by Number Answered

Percent of People with Each Score

Your Score History

You have not taken this quiz